000 00506nam a22001937a 4500
003 NUST - PNEC
005 20170116180820.0
008 150420b xxu||||| |||| 00| 0 eng d
020 _a-
040 _cLIBRARY
082 _a297.03 BRI
100 _92794
_aBrill, E.J.
245 _aThe encyclopaedia of islam Vol. V FAS 85-86
_cE.J. Brill
250 _a-
260 _aEngland
_bUniversity of Manchester
_cc1981.
300 _a384 p. :
_c26 cm.
650 _92795
_aIslam
_xGeneral
942 _2ddc
_cBK
999 _c63718
_d63718